Witamy w Bibliotece Naukowej Instytutu Łączności!

Physik und technik der Halbleiter / (Rekord nr 11880)

000 -LEADER
fixed length control field 00315 a2200085 4500
100 1# - MAIN ENTRY--PERSONAL NAME
Personal name Seiler, Karl.
Relator term Autor
245 0# - TITLE STATEMENT
Title Physik und technik der Halbleiter /
Statement of responsibility, etc Seiler Karl.
260 ## - PUBLICATION, DISTRIBUTION, ETC. (IMPRINT)
Place of publication, distribution, etc Stuttgart :
Name of publisher, distributor, etc Wissenschaftliche Vlgs. Gesellschaft,
Date of publication, distribution, etc 1964.
300 ## - PHYSICAL DESCRIPTION
Extent XIX, 222 s.;
Dimensions 25 cm.
710 2# - ADDED ENTRY--CORPORATE NAME
Corporate name or jurisdiction name as entry element Wissenschaftliche Vlgs. Gesellschaft.
Relator term Wydawca
Relator code pbl
Egzemplarze
Withdrawn status Lost status Source of classification or shelving scheme Damaged status Not for loan Permanent Location Current Location Shelving location Date acquired Cost, normal purchase price Inventory number Full call number Barcode Date last seen Price effective from Koha item type
          Instytut Łączności Instytut Łączności Magazyn 1965-10-09 0.00 19398 19398 19398 2022-12-01 2017-11-30 Książki

Działa dzięki Koha